=LDR 00000nam 2200000 4500 =001 INLIS000000000045792 =990 ##$$a 21421779 =005 20240830034831 =990 ##$$a 20901806 =035 ##$$a 0010-021500000000352 =990 ##$$a 21421778 =008 240830###########################0#ind## =990 ##$$a 21421780 =020 ##$$a 978-979-010-457 -0 =990 ##$$a 21421781 =040 ##$$a NBPDMAT =990 ##$$a 0001/BPAP-NTB/2016 =082 ##$$a 028.5 =990 ##$$a 21306414 =090 ##$$a 028.5 $b Bun r =990 ##$$a 21601330/BPAP-NTB/2017 =100 ##$$a Bunda Nanit =245 1#$$a Rafi Si Api /$c Bunda Nanit dan Jodhi P. Giriarso =250 ##$$a Cet.1 =260 ##$$a Jakarta :$b Bumi Aksara,$c 2008 =300 ##$$a 32 hlm. : $b ilus. ; $c 19 cm. =650 #4$$a Bacaan kanak - Kanak =700 #$$a Jodhi P. Giriarso =850 ##$$a NBPDMAT =084 ##$$a 028.5 BUN r =990 ##$$a 20901806 =990 ##$$a 21421778 =990 ##$$a 21421779 =990 ##$$a 21421780 =990 ##$$a 21421781 =990 ##$$a 0001/BPAP-NTB/2016 =990 ##$$a 21306414 =990 ##$$a 21601330/BPAP-NTB/2017 =990 ##$$a 20901807 =990 ##$$a 20901806 =990 ##$$a 21421778 =990 ##$$a 21421779 =990 ##$$a 21421780 =990 ##$$a 21421781 =990 ##$$a 0001/BPAP-NTB/2016 =990 ##$$a 21306414